Un, Hun, Hein, Ain, ou Hin - Statistiques

Statistiques générales
  • Ce quiz a été pris 1 626 fois
  • Le résultat moyen est 5 sur 5
Statistiques - réponses
Hint Réponse % Correct
Marque l'étonnement, la surprise, le doute, Hein
98%
Avant deux Un
98%
Département français Ain
97%
Attila Hun
87%
Ancienne mesure égyptienne de capacité pour les liquides Hin
83%
Aucun quiz correspondant
Distribution des résultats
% des personnes avec chaque résultat
Percentile par nombre de réponses
Votre historique - résultats
Vous n’avez pas pris ce quiz